| 000 | 00508nam a2200193Ia 4500 | ||
|---|---|---|---|
| 005 | 20260429112102.0 | ||
| 008 | 260429s9999||||xx |||||||||||||| ||und|| | ||
| 020 | _a9788132110354 | ||
| 041 | _aEnglish | ||
| 082 |
_a519.5 _bARG |
||
| 100 | _aArgyrous, George | ||
| 245 | 0 |
_aStatistics for research : _bwith a guide to SPSS / _cGeorge Argyrous |
|
| 250 | _a1st ed. | ||
| 260 |
_aNew Delhi : _bSage, _c2024. |
||
| 300 | _axxi, 585 p.; pbk | ||
| 650 | _a Research | ||
| 650 | _aStatistics | ||
| 942 | _cTB | ||
| 999 |
_c52270 _d52270 |
||